<?xml version="1.0" encoding="UTF-8"?>
<record
    xmlns:xsi="http://www.w3.org/2001/XMLSchema-instance"
    xsi:schemaLocation="http://www.loc.gov/MARC21/slim http://www.loc.gov/standards/marcxml/schema/MARC21slim.xsd"
    xmlns="http://www.loc.gov/MARC21/slim">

  <leader>00344nam a22001457a 4500</leader>
  <controlfield tag="003">SGT</controlfield>
  <datafield tag="082" ind1=" " ind2=" ">
    <subfield code="a">611</subfield>
    <subfield code="b">W25S</subfield>
  </datafield>
  <datafield tag="100" ind1=" " ind2=" ">
    <subfield code="a">SONATAKKE, YOGESH</subfield>
  </datafield>
  <datafield tag="245" ind1=" " ind2=" ">
    <subfield code="a">WORKBOOK OF HUMANANATOMY HEAD AND NACK BRAIN-NEUROANATOMY VOI-3</subfield>
  </datafield>
  <datafield tag="250" ind1=" " ind2=" ">
    <subfield code="a">1ST</subfield>
  </datafield>
  <datafield tag="260" ind1=" " ind2=" ">
    <subfield code="a">INDIA </subfield>
    <subfield code="b">CBS PUB </subfield>
    <subfield code="c">2025</subfield>
  </datafield>
  <datafield tag="300" ind1=" " ind2=" ">
    <subfield code="a">104</subfield>
  </datafield>
  <datafield tag="650" ind1=" " ind2=" ">
    <subfield code="a">HUMAN ANATOMY</subfield>
  </datafield>
  <datafield tag="942" ind1=" " ind2=" ">
    <subfield code="2">ddc</subfield>
    <subfield code="c">BK</subfield>
  </datafield>
  <datafield tag="952" ind1=" " ind2=" ">
    <subfield code="0">0</subfield>
    <subfield code="1">0</subfield>
    <subfield code="2">ddc</subfield>
    <subfield code="4">0</subfield>
    <subfield code="7">1</subfield>
    <subfield code="8">MEDICAL</subfield>
    <subfield code="a">FM</subfield>
    <subfield code="b">FM</subfield>
    <subfield code="c">TXT</subfield>
    <subfield code="d">2025-10-06</subfield>
    <subfield code="e">BRIJWASI BOOK DISTRIBUTORS DELHI</subfield>
    <subfield code="h">VOLUME-III</subfield>
    <subfield code="i">SGTU</subfield>
    <subfield code="o">611 W25S</subfield>
    <subfield code="p">FM15581</subfield>
    <subfield code="r">2025-11-07 00:00:00</subfield>
    <subfield code="w">2025-10-06</subfield>
    <subfield code="y">BK</subfield>
    <subfield code="k">BW/000271</subfield>
  </datafield>
  <datafield tag="952" ind1=" " ind2=" ">
    <subfield code="0">0</subfield>
    <subfield code="1">0</subfield>
    <subfield code="2">ddc</subfield>
    <subfield code="4">0</subfield>
    <subfield code="7">0</subfield>
    <subfield code="8">MEDICAL</subfield>
    <subfield code="a">FM</subfield>
    <subfield code="b">FM</subfield>
    <subfield code="c">TXT</subfield>
    <subfield code="d">2025-10-06</subfield>
    <subfield code="e">BRIJWASI BOOK DISTRIBUTORS DELHI</subfield>
    <subfield code="h">VOLUME-III</subfield>
    <subfield code="i">SGTU</subfield>
    <subfield code="o">611 W25S</subfield>
    <subfield code="p">FM15582</subfield>
    <subfield code="r">2025-11-07 00:00:00</subfield>
    <subfield code="w">2025-10-06</subfield>
    <subfield code="y">BK</subfield>
    <subfield code="k">BW/000271</subfield>
  </datafield>
  <datafield tag="952" ind1=" " ind2=" ">
    <subfield code="0">0</subfield>
    <subfield code="1">0</subfield>
    <subfield code="2">ddc</subfield>
    <subfield code="4">0</subfield>
    <subfield code="7">0</subfield>
    <subfield code="8">MEDICAL</subfield>
    <subfield code="a">FM</subfield>
    <subfield code="b">FM</subfield>
    <subfield code="c">TXT</subfield>
    <subfield code="d">2025-10-06</subfield>
    <subfield code="e">BRIJWASI BOOK DISTRIBUTORS DELHI</subfield>
    <subfield code="h">VOLUME-III</subfield>
    <subfield code="i">SGTU</subfield>
    <subfield code="o">611 W25S</subfield>
    <subfield code="p">FM15583</subfield>
    <subfield code="r">2025-11-07 00:00:00</subfield>
    <subfield code="w">2025-10-06</subfield>
    <subfield code="y">BK</subfield>
    <subfield code="k">BW/000271</subfield>
  </datafield>
  <datafield tag="952" ind1=" " ind2=" ">
    <subfield code="0">0</subfield>
    <subfield code="1">0</subfield>
    <subfield code="2">ddc</subfield>
    <subfield code="4">0</subfield>
    <subfield code="7">0</subfield>
    <subfield code="8">MEDICAL</subfield>
    <subfield code="a">FM</subfield>
    <subfield code="b">FM</subfield>
    <subfield code="c">TXT</subfield>
    <subfield code="d">2025-10-06</subfield>
    <subfield code="e">BRIJWASI BOOK DISTRIBUTORS DELHI</subfield>
    <subfield code="h">VOLUME-III</subfield>
    <subfield code="i">SGTU</subfield>
    <subfield code="o">611 W25S</subfield>
    <subfield code="p">FM15584</subfield>
    <subfield code="r">2025-11-07 00:00:00</subfield>
    <subfield code="w">2025-10-06</subfield>
    <subfield code="y">BK</subfield>
    <subfield code="k">BW/000271</subfield>
  </datafield>
  <datafield tag="952" ind1=" " ind2=" ">
    <subfield code="0">0</subfield>
    <subfield code="1">0</subfield>
    <subfield code="2">ddc</subfield>
    <subfield code="4">0</subfield>
    <subfield code="7">0</subfield>
    <subfield code="8">MEDICAL</subfield>
    <subfield code="a">FM</subfield>
    <subfield code="b">FM</subfield>
    <subfield code="c">TXT</subfield>
    <subfield code="d">2025-10-06</subfield>
    <subfield code="e">BRIJWASI BOOK DISTRIBUTORS DELHI</subfield>
    <subfield code="h">VOLUME-III</subfield>
    <subfield code="i">SGTU</subfield>
    <subfield code="o">611 W25S</subfield>
    <subfield code="p">FM15585</subfield>
    <subfield code="r">2025-11-07 00:00:00</subfield>
    <subfield code="w">2025-10-06</subfield>
    <subfield code="y">BK</subfield>
    <subfield code="k">BW/000271</subfield>
  </datafield>
  <datafield tag="999" ind1=" " ind2=" ">
    <subfield code="c">33157</subfield>
    <subfield code="d">33157</subfield>
  </datafield>
</record>
